Lịch sử các phát minh sáng chế
Gespeichert in:
| 1. Verfasser: | |
|---|---|
| Format: | Buch |
| Sprache: | Undetermined |
| Veröffentlicht: |
Tp. HCM
Nxb. Tp. HCM
1999
|
| Schlagworte: | |
| Tags: |
Tag hinzufügen
Keine Tags, Fügen Sie den ersten Tag hinzu!
|
| Thư viện lưu trữ: | Trung tâm Học liệu Trường Đại học Cần Thơ |
|---|
| LEADER | 00532nam a2200193Ia 4500 | ||
|---|---|---|---|
| 001 | CTU_35787 | ||
| 008 | 210402s9999 xx 000 0 und d | ||
| 020 | |b 120.000đ | ||
| 082 | |a 609 | ||
| 082 | |b L302 | ||
| 100 | |a Khắc Thành...[et al.] | ||
| 245 | 0 | |a Lịch sử các phát minh sáng chế | |
| 245 | 0 | |c Khắc Thành...[et al.] | |
| 260 | |a Tp. HCM | ||
| 260 | |b Nxb. Tp. HCM | ||
| 260 | |c 1999 | ||
| 650 | |a inventions | ||
| 904 | |i Minh, 000315 | ||
| 980 | |a Trung tâm Học liệu Trường Đại học Cần Thơ | ||